| 000 | 00633cam a22002053a 4500 | ||
|---|---|---|---|
| 001 | 37136 | ||
| 003 | PGUSA | ||
| 005 | 20140828083820.0 | ||
| 008 | 110819s2011||||xxu|||||s|||||000 | eng d | ||
| 040 |
_aPGUSA _beng |
||
| 042 | _adc | ||
| 100 | 1 | _aLeach, Henry | |
| 245 | 1 | 4 |
_aThe Happy Golfer : _bBeing Some Experiences, Reflections, and a Few Deductions of a Wandering Golfer _h[electronic resource] / _cHenry Leach |
| 260 |
_bProject Gutenberg, _c2011 |
||
| 506 | _aPublic domain in the USA. | ||
| 516 | _aElectronic text | ||
| 830 | 0 |
_aProject Gutenberg _v37136 |
|
| 856 | 4 | 0 | _uhttp://www.gutenberg.org/ebooks/37136 |
| 942 | _cEB | ||
| 999 |
_c266390 _d266390 |
||